000
00321nam a2200157Ia 4500
100
_a
Courter/Gini/ Marquis/ A
250
_a
2
942
_c
BK
654
_a
Computer
245
_a
Mastering Office 2000
260
_b
B.P.B
_c
1999
082
_a
4.65
_b
COU/MAR
300
_a
1164
546
_a
ENGLISH
999
_c
25985
_d
25985